| 000 | 00709nam a22001577a 4500 | ||
|---|---|---|---|
| 005 | 20210419093923.0 | ||
| 008 | 201121s1976 ||||| |||| 00| 0 eng d | ||
| 040 |
_aeng _ceng |
||
| 080 |
_a22 _bH-75 |
||
| 245 |
_aThe Holy Bible _b: Old and New Testaments in the King James Version. _c/ Translated out of the Original Tongues And with Previous Translations Diligently Compared and Revised Self-Pronouncing, Words of Christ in Red, with Read-Along References, Read-Along Translations. |
||
| 260 |
_aNashville : New York : _bThomas Nelson Publishers, _c1976. |
||
| 300 |
_a1855 p. _bConcordance 96 p. |
||
| 650 | 0 |
_9262 _aReligion _xHoly Bible |
|
| 653 |
_aრელიგია _aბიბლია |
||
| 942 |
_2udc _cBK |
||
| 999 |
_c367 _d367 |
||